Prayer for a child / (Record no. 9948)

MARC details
000 -LEADER
fixed length control field 00846nam a22002657a 4500
001 - CONTROL NUMBER
control field 9948
003 - CONTROL NUMBER IDENTIFIER
control field FISKH
005 - DATE AND TIME OF LATEST TRANSACTION
control field 20260319093230.0
008 - FIXED-LENGTH DATA ELEMENTS--GENERAL INFORMATION
fixed length control field 260319b cb ||||| |||| 00| 0 eng d
020 ## - INTERNATIONAL STANDARD BOOK NUMBER
International Standard Book Number 076714006997
040 ## - CATALOGING SOURCE
Original cataloging agency FISKH
Language of cataloging eng
Transcribing agency FISKH
Modifying agency FISKH
050 ## - LIBRARY OF CONGRESS CALL NUMBER
Classification number BV265 .F5
082 ## - DEWEY DECIMAL CLASSIFICATION NUMBER
Classification number 242.82
100 ## - MAIN ENTRY--PERSONAL NAME
Personal name Field, Rachel
Relator term Author
245 ## - TITLE STATEMENT
Title Prayer for a child /
Statement of responsibility, etc. By Rachel Field ; pictures by Elizabeth Orton Jones
260 ## - PUBLICATION, DISTRIBUTION, ETC.
Place of publication, distribution, etc. New York :
Name of publisher, distributor, etc. Little Simon ,
Date of publication, distribution, etc. 1941
300 ## - PHYSICAL DESCRIPTION
Extent 28 unnumbered pages :
Other physical details color illustrations ;
Dimensions 15 cm
505 ## - FORMATTED CONTENTS NOTE
Formatted contents note NP<br/>
520 ## - SUMMARY, ETC.
Summary, etc. An illustrated bedtime prayer which gives thanks for the many aspects of a child's world.
521 8# - TARGET AUDIENCE NOTE
Target audience note NP<br/>
Source Lexile<br/>
650 ## - SUBJECT ADDED ENTRY--TOPICAL TERM
Topical term or geographic name entry element Children's literature
Form subdivision Board book
700 ## - ADDED ENTRY--PERSONAL NAME
Personal name Jones, Elizabeth Orton
Relator term Illustrator
942 ## - ADDED ENTRY ELEMENTS (KOHA)
Source of classification or shelving scheme Dewey Decimal Classification
Koha item type Books
Suppress in OPAC No
Holdings
Withdrawn status Lost status Source of classification or shelving scheme Damaged status Not for loan Collection Home library Current library Shelving location Date acquired Total Checkouts Full call number Barcode Date last seen Copy number Price effective from Koha item type
    Dewey Decimal Classification     Juvenile Fiction Footprints International School Library Network Toul Tom Poung Campus Footprints International School Library Network Toul Tom Poung Campus TTP Primary Green Bookshelves 03/19/2026   FIE 242.82 BV265 .F5 2026-0342 03/19/2026 1 03/19/2026 Books